[Event "Reykjavik Congress"]
[Site "Reykjavik"]
[Date "2018.01.21"]
[Round "4"]
[White "Heidarsson, Arnar Milutin"]
[Black "Gunnlaugsson, Arnor"]
[Result "1-0"]
[WhiteElo "1592"]
[BlackElo "1229"]
[PlyCount "91"]
[EventDate "2018.01.10"]
[EventType "swiss"]
[EventRounds "9"]
[EventCountry "ISL"]
[SourceTitle "CBM 182 Extra"]
[Source "ChessBase"]
[SourceDate "2018.02.23"]
[SourceVersion "1"]
[SourceVersionDate "2018.02.23"]
[SourceQuality "1"]

1. d4 d5 2. c4 c6 3. Nc3 Nf6 4. Nf3 Bf5 5. cxd5 cxd5 6. Bf4 Nc6 7. e3 a6 8. Bd3 Bg6 9. 0-0 e6 10. h3 Bd6 11. Bxd6 Qxd6 12. a3 0-0 13. Bxg6 fxg6 14. Re1 Ne4 15. Nxe4 dxe4 16. Nd2 Qd5 17. Qc2 Qf5 18. Rf1 Rac8 19. Qxe4 e5 20. Qxf5 gxf5 21. Nb3 exd4 22. exd4 Rcd8 23. Rfd1 Rd5 24. Rd2 Rfd8 25. Rad1 a5 26. Kf1 a4 27. Nc5 b5 28. Ne6 R8d7 29. Rc2 Nxd4 30. Rcd2 Kf7 31. Nxd4 Kf6 32. Nf3 Rxd2 33. Rxd2 Rc7 34. Ke2 Re7+ 35. Kd1 g5 36. Rd6+ Kg7 37. Nxg5 h6 38. Nf3 Rb7 39. Ne5 b4 40. Rd7+ Rxd7+ 41. Nxd7 bxa3 42. bxa3 Kf7 43. Nb6 Ke7 44. Nxa4 Kd6 45. Ke2 Kc6 46. Kf3 1-0